000
00284 a2200109 4500
001
ART_33241
005
20260410161927.0
008
260409a
245
1
0
_a
Descomoditización
100
1
_a
Perotti, Estrella
773
0
_t
Lecturas
_g
- Nº 4 (jun. 2000)
_w
REV19328
999
_c
28226
_d
28226